000 00489nam a2200169Ia 4500
999 _c12019
_d12019
003 OSt
005 20201001133209.0
008 190216s9999||||xx |||||||||||||| ||und||
040 _coclc
082 _a828.91209
_bSAG/A
100 _aSagar, Keith
_94934
245 4 _aThe Art Of D H Lawrence /
_cKeith Sagar
260 _bCambridge Uty Press,
_c1966.
_aLondon:
300 _a267p
650 _aEnglish Essay
942 _cBK
_2ddc
_h828.91209
_iSAG/A
_k828.91209
_mSAG/A